000
00279nam a2200109Ia 4500
008
200302s9999 xx 000 0 und d
100
_a
John M.Bryan
245
_a
Americas First Architect Robert Mills
260
_b
Princeton Architecture Press, NY
260
_c
2001
300
_a
329
999
_c
4547
_d
4547